Chuyển đến nội dung
我的帳戶
退出
登錄
語言
English
Deutsch
Español
Français
Italiano
日本語
Nederlands
Português
Português (Brasil)
中文(简体)
中文(繁體)
Türkçe
עברית
Gaeilge
Cymraeg
Ελληνικά
Català
Euskara
Русский
Čeština
Suomi
Svenska
polski
Dansk
slovenščina
اللغة العربية
বাংলা
Galego
Tiếng Việt
Hrvatski
हिंदी
全文檢索
題名
作者
主題
索引號
ISBN/ISSN
標簽
檢索
高級檢索
檢索
Chemistry
職員瀏覽
引用
推薦此
打印
導出紀錄
導出到 RefWorks
導出到 EndNoteWeb
導出到 EndNote
導出到 MARC
導出到 MARCXML
導出到 RDF
導出到 BibTeX
導出到 RIS
加到收藏夾
Chemistry
Đã lưu trong:
書目詳細資料
主要作者:
Steven S Zumdahl
格式:
圖書
語言:
Undetermined
出版:
Massachusetts
D.C.Health
1986
主題:
chemistry
標簽:
添加標簽
沒有標簽, 成為第一個標記此記錄!
Thư viện lưu trữ:
Trung tâm Học liệu Trường Đại học Cần Thơ
持有資料
實物特徵
您的評論
相似書籍
職員瀏覽
LEADER
00419nam a2200169Ia 4500
001
CTU_2952
008
210402s9999 xx 000 0 und d
082
|a
540
082
|b
Z93
100
|a
Steven S Zumdahl
245
0
|a
Chemistry
245
0
|c
Steven S Zumdahl
260
|a
Massachusetts
260
|b
D.C.Health
260
|c
1986
650
|a
chemistry
980
|a
Trung tâm Học liệu Trường Đại học Cần Thơ
相似書籍
Chemistry
由: Zumdahl, Steven S.
出版: (2000)
Chemistry
由: Zumdahl, Steven
出版: (2007)
Chemistry /
由: Zumdahl, Steven S.
出版: (1997)
Introductory chemistry
由: Zumdahl, Steven
出版: (2002)
Chemistry
由: Zumdahl, Steven S.
出版: (1997)
載入...